Statistiques concernant Villes russes en images #1

Cliquez ici pour prendre le quiz!

Statistiques générales

  • Ce quiz a été pris 13 fois
  • Le résultat moyen est 2 sur 16

Statistiques - réponses

Réponse% Correct
Moscou
100%
Saint-Pétersbourg
57%
Volgograd
57%
Ekaterinbourg
29%
Kazan
0%
Krasnoïarsk
0%
Nijni Novgorod
0%
Novossibirsk
0%
Oufa
0%
Oulianovsk
0%
Perm
0%
Rostov-sur-le-Don
0%
Samara
0%
Saratov
0%
Tcheliabinsk
0%
Voronej
0%

Distribution des résultats

Percentile par nombre de réponses

% des personnes avec chaque résultat

Votre développement - résultats

Vous n’avez pas pris ce quiz